[Event "41st Guernsey International Open"]
[Site "Guernsey, GCI"]
[Date "2015.10.24"]
[Round "7"]
[White "Hamperl, Fred"]
[Black "Thurlow, Kevin J"]
[Result "1-0"]
[WhiteElo "2082"]
[BlackElo "2016"]
[PlyCount "85"]
[EventDate "2015.10.18"]
[EventType "swiss"]
[EventRounds "7"]

1. e4 c5 2. Nc3 e6 3. f4 d5 4. d3 Nf6 5. Be2 Nc6 6. Nf3 d4 7. Nb1 Be7 8. O-O b6
9. Nbd2 Qc7 10. Nc4 Bb7 11. Qe1 Nb4 12. Bd1 b5 13. Nce5 c4 14. a3 Nc6 15. Qg3
g6 16. Ng5 Nd8 17. Bd2 a5 18. Rc1 c3 19. bxc3 Bxa3 20. cxd4 Bxc1 21. Bxc1 b4
22. Bb2 a4 23. d5 Qb6+ 24. Kh1 a3 25. Ba1 exd5 26. f5 dxe4 27. fxg6 hxg6 28.
Nc4 Qc5 29. Rxf6 Rf8 30. Nd6+ Ke7 31. Nxb7 Nxb7 32. Nxe4 Qa5 33. Nd6 Nd8 34.
Nc4 Qc5 35. Qh4 Ne6 36. Rxg6+ Kd7 37. Rg4 b3 38. cxb3 Qf5 39. Bf3 Rab8 40. Ne5+
Kd6 41. Rd4+ Nxd4 42. Qxd4+ Ke7 43. Nc6+ 1-0

[Event "41st Guernsey International Open"]
[Site "Guernsey, GCI"]
[Date "2015.10.24"]
[Round "7"]
[White "De Kruif, Kees"]
[Black "Jackson, Oliver A"]
[Result "1-0"]
[WhiteElo "1954"]
[BlackElo "2077"]
[PlyCount "67"]
[EventDate "2015.10.18"]
[EventType "swiss"]
[EventRounds "7"]

1. c4 e5 2. g3 Nc6 3. Bg2 Bc5 4. d3 d6 5. Nc3 a6 6. a3 h5 7. h4 Nge7 8. Bg5 f6
9. Bd2 Be6 10. e3 Qd7 11. Nge2 Ba7 12. Qc2 O-O 13. Nd5 f5 14. O-O f4 15. exf4
Nf5 16. Be3 Ncd4 17. Nxd4 exd4 18. Bd2 c6 19. Nb4 Rf6 20. Rae1 Rg6 21. Bh3 Ne3
22. Bxe6+ Qxe6 23. Bxe3 dxe3 24. d4 Bxd4 25. Kh2 Qg4 26. Qd3 exf2 27. Re4 Bc5
28. f5 Qxf5 29. Re8+ Rxe8 30. Qxf5 Rf6 31. Qc2 Re1 32. Kg2 Rf8 33. Nd3 Bd4 34.
Nxe1 1-0

[Event "41st Guernsey International Open"]
[Site "Guernsey, GCI"]
[Date "2015.10.24"]
[Round "7"]
[White "Van Ginkel, Henk"]
[Black "Rosen, Daniel B"]
[Result "0-1"]
[WhiteElo "1906"]
[BlackElo "2063"]
[PlyCount "47"]
[EventDate "2015.10.18"]
[EventType "swiss"]
[EventRounds "7"]

1. e4 g6 2. d4 Bg7 3. Be3 d6 4. Nc3 c6 5. Qd2 Nd7 6. f4 Ngf6 7. Nf3 b5 8. a3
Bb7 9. h3 a5 10. e5 b4 11. axb4 axb4 12. Rxa8 Qxa8 13. Nd1 Nd5 14. Bd3 O-O 15.
O-O Bh6 16. g4 c5 17. c3 bxc3 18. bxc3 Nxc3 19. Nxc3 Bxf3 20. f5 Bxe3+ 21. Qxe3
cxd4 22. Qh6 Nxe5 23. fxg6 fxg6 24. Nb5 0-1

[Event "41st Guernsey International Open"]
[Site "Guernsey, GCI"]
[Date "2015.10.24"]
[Round "7"]
[White "Pleasants, Allan J"]
[Black "Brookfield, Toby"]
[Result "1/2-1/2"]
[WhiteElo "2061"]
[BlackElo "1897"]
[PlyCount "49"]
[EventDate "2015.10.18"]
[EventType "swiss"]
[EventRounds "7"]

1. e4 c5 2. Nf3 d6 3. Bb5+ Nd7 4. O-O a6 5. Bxd7+ Bxd7 6. d4 cxd4 7. Qxd4 Rc8
8. Nc3 e5 9. Qd3 h6 10. Be3 Nf6 11. a4 Be7 12. a5 Qc7 13. Bb6 Qc4 14. Nd2 Qxd3
15. cxd3 O-O 16. d4 Bd8 17. Bxd8 Rfxd8 18. d5 Nh5 19. g3 f5 20. Rfc1 Nf6 21. f3
g6 22. Nd1 fxe4 23. fxe4 Bb5 24. Nc3 Bd7 25. Nd1 1/2-1/2

[Event "41st Guernsey International Open"]
[Site "Guernsey, GCI"]
[Date "2015.10.24"]
[Round "7"]
[White "Pickersgill, Adrian O"]
[Black "Spanton, Timothy R"]
[Result "1/2-1/2"]
[WhiteElo "2016"]
[BlackElo "1928"]
[PlyCount "155"]
[EventDate "2015.10.18"]
[EventType "swiss"]
[EventRounds "7"]

1. e4 e6 2. d4 d5 3. Nc3 Bb4 4. e5 c5 5. Bd2 Ne7 6. Nb5 Bxd2+ 7. Qxd2 O-O 8. f4
Nbc6 9. Nf3 cxd4 10. Nbxd4 Nxd4 11. Nxd4 Qb6 12. O-O-O Nc6 13. Kb1 Nxd4 14.
Qxd4 Qxd4 15. Rxd4 Bd7 16. Be2 f6 17. exf6 gxf6 18. c4 Bc6 19. Bf3 e5 20. Bxd5+
Kg7 21. fxe5 fxe5 22. Rg4+ Kh6 23. Bxc6 bxc6 24. Rd1 Rad8 25. Rxd8 Rxd8 26. Kc2
c5 27. b3 Re8 28. Kd3 Rd8+ 29. Ke2 Rd6 30. Rg3 Ra6 31. a4 Rb6 32. Kd2 a5 33.
Re3 Re6 34. Kd3 Kg5 35. Ke4 Rh6 36. Kxe5 Rxh2 37. Rg3+ Kh5 38. Kd5 Kh4 39. Rg7
h5 40. Kxc5 Rh1 41. Kb5 Rb1 42. Kxa5 Rxb3 43. g3+ Rxg3 44. Rxg3 Kxg3 45. c5 h4
46. c6 h3 47. c7 h2 48. c8=Q h1=Q 49. Qc3+ Kf4 50. Qd4+ Kf5 51. Kb5 Qb1+ 52.
Kc5 Qc2+ 53. Kd6 Qh2+ 54. Kc6 Qb8 55. Qd5+ Kg4 56. a5 Qa8+ 57. Kd6 Qb8+ 58. Ke7
Qb4+ 59. Ke6 Qb8 60. Qf5+ Kh4 61. Qe4+ Kh3 62. Qd3+ Kg2 63. a6 Qg8+ 64. Ke5
Qg5+ 65. Kd4 Qf6+ 66. Kc5 Qf2+ 67. Kc6 Qf6+ 68. Qd6 Qc3+ 69. Kb7 Qb3+ 70. Kc7
Qf7+ 71. Qd7 Qf4+ 72. Kb7 Qb4+ 73. Ka7 Kf1 74. Qd5 Qe7+ 75. Kb6 Qe3+ 76. Qc5
Qe6+ 77. Kb5 Qb3+ 78. Qb4 1/2-1/2

[Event "41st Guernsey International Open"]
[Site "Guernsey, GCI"]
[Date "2015.10.24"]
[Round "7"]
[White "Plug, Arjan"]
[Black "Morcom, Huw"]
[Result "1/2-1/2"]
[WhiteElo "1824"]
[BlackElo "1966"]
[PlyCount "81"]
[EventDate "2015.10.18"]
[EventType "swiss"]
[EventRounds "7"]

1. e4 c5 2. Nc3 a6 3. g3 Nc6 4. Bg2 g6 5. d3 Bg7 6. Nge2 d6 7. O-O Nf6 8. Bg5
h6 9. Be3 O-O 10. h3 e5 11. f4 Nd4 12. fxe5 dxe5 13. Qd2 Kh7 14. Rf2 Be6 15.
Raf1 Ng8 16. Nd5 b6 17. c3 Nc6 18. b4 cxb4 19. Bxb6 bxc3 20. Qxc3 Qd7 21. Bc5
Rfb8 22. Nb6 Rxb6 23. Bxb6 Bxa2 24. Rc1 Nge7 25. Qa3 Be6 26. Kh2 Bf8 27. Qa1
Qxd3 28. Bc7 Nd4 29. Nxd4 Qxd4 30. Qxd4 exd4 31. Bb6 a5 32. Bxd4 a4 33. Bf1 Rc8
34. Rfc2 Rxc2+ 35. Rxc2 a3 36. Ba1 Nc8 37. Bc4 Bxc4 38. Rxc4 Nd6 39. Ra4 Nb7
40. Ra7 Nc5 41. Rxa3 1/2-1/2

[Event "41st Guernsey International Open"]
[Site "Guernsey, GCI"]
[Date "2015.10.24"]
[Round "7"]
[White "Kershaw, Graham J"]
[Black "Dijksterhuis, Rolf"]
[Result "0-1"]
[WhiteElo "1900"]
[BlackElo "2006"]
[PlyCount "76"]
[EventDate "2015.10.18"]
[EventType "swiss"]
[EventRounds "7"]

1. e4 e5 2. Nf3 Nf6 3. Nxe5 d6 4. Nf3 Nxe4 5. d3 Nf6 6. Be2 Be7 7. O-O O-O 8.
Bg5 Nc6 9. Nbd2 h6 10. Bh4 Bf5 11. Re1 Re8 12. c3 Qd7 13. Nf1 d5 14. Bg3 Bd6
15. Qb3 a5 16. Bxd6 Qxd6 17. Ng3 Bh7 18. Bf1 b6 19. d4 Ne4 20. Bb5 Re6 21. Nf1
Ne7 22. Bd3 c5 23. Qd1 Rd8 24. Rc1 Nc6 25. Bb1 Qf4 26. Re3 g5 27. Ng3 Bg6 28.
Re2 g4 29. Nh4 cxd4 30. Nxg6 fxg6 31. Nxe4 dxe4 32. g3 Qf5 33. Qb3 d3 34. Re3
Ne5 35. Rd1 Kg7 36. a3 Rf6 37. Rf1 Nf3+ 38. Kg2 Nd2 0-1

[Event "41st Guernsey International Open"]
[Site "Guernsey, GCI"]
[Date "2015.10.24"]
[Round "7"]
[White "Phillips, Owen S"]
[Black "Petersons, Ojars"]
[Result "0-1"]
[WhiteElo "1947"]
[BlackElo "1827"]
[PlyCount "40"]
[EventDate "2015.10.18"]
[EventType "swiss"]
[EventRounds "7"]

1. e3 d5 2. b3 f5 3. g4 fxg4 4. h3 g3 5. fxg3 Nf6 6. Bb2 Be6 7. Bg2 Nc6 8. Ne2
Qd7 9. Nd4 Nxd4 10. Bxd4 g6 11. Nc3 Bg7 12. g4 O-O 13. Qe2 Rac8 14. O-O-O c5
15. Bxf6 Bxf6 16. e4 d4 17. Nd5 c4 18. Kb1 d3 19. cxd3 cxb3 20. Nc3 bxa2+ 0-1

[Event "41st Guernsey International Open"]
[Site "Guernsey, GCI"]
[Date "2015.10.24"]
[Round "7"]
[White "French, Max"]
[Black "Kirkwood, Robin"]
[Result "1/2-1/2"]
[WhiteElo "1824"]
[BlackElo "1911"]
[PlyCount "38"]
[EventDate "2015.10.18"]
[EventType "swiss"]
[EventRounds "7"]

1. d4 d6 2. e4 Nf6 3. Nc3 c6 4. f4 Qa5 5. e5 Ne4 6. Qf3 d5 7. Bd3 Nxc3 8. Bd2
e6 9. Ne2 c5 10. Bxc3 Qc7 11. Ng3 Nc6 12. Qf2 cxd4 13. Bxd4 Nxd4 14. Qxd4 Bc5
15. Bb5+ Bd7 16. Bxd7+ Kxd7 17. Qd2 a5 18. Ne4 Ke7 19. Nxc5 Qxc5 1/2-1/2

[Event "41st Guernsey International Open"]
[Site "Guernsey, GCI"]
[Date "2015.10.24"]
[Round "7"]
[White "Van Randen, Fred"]
[Black "Murray, J Stephen"]
[Result "1/2-1/2"]
[WhiteElo "1908"]
[BlackElo "1814"]
[PlyCount "83"]
[EventDate "2015.10.18"]
[EventType "swiss"]
[EventRounds "7"]

1. e4 c5 2. c3 g6 3. d4 cxd4 4. cxd4 d5 5. e5 Bg7 6. Nf3 Nc6 7. Bb5 Bg4 8. Nbd2
Bxf3 9. Bxc6+ bxc6 10. Nxf3 Nh6 11. O-O O-O 12. Re1 f6 13. exf6 exf6 14. Bf4
Qd7 15. Qa4 Rfe8 16. h3 Nf7 17. Rac1 Rxe1+ 18. Nxe1 Rc8 19. Nd3 Bf8 20. b3 Nd8
21. Bd2 Ne6 22. Re1 Kf7 23. Bb4 Bxb4 24. Qxb4 Qc7 25. Nc5 Nxc5 26. Qxc5 Re8 27.
Rxe8 Kxe8 28. b4 Qd7 29. Kf1 Kf7 30. a4 h6 31. a5 h5 32. h4 g5 33. hxg5 fxg5
34. Qc2 Kf6 35. Qc5 h4 36. Kg1 g4 37. Qf8+ Kg5 38. Qg8+ Kf4 39. Qh8 Kg5 40.
Qe5+ Kg6 41. Kh2 Qf5 42. Qe8+ 1/2-1/2

[Event "41st Guernsey International Open"]
[Site "Guernsey, GCI"]
[Date "2015.10.24"]
[Round "7"]
[White "Burton, Ronnie"]
[Black "Von Saldern, Ruediger"]
[Result "1-0"]
[WhiteElo "1972"]
[BlackElo "1950"]
[PlyCount "71"]
[EventDate "2015.10.18"]
[EventType "swiss"]
[EventRounds "7"]

1. e4 e5 2. Nf3 Nc6 3. Bb5 a6 4. Ba4 Nf6 5. O-O b5 6. Bb3 Be7 7. Re1 O-O 8. h3
d6 9. c3 Na5 10. Bc2 c5 11. d4 Qc7 12. Nbd2 Bd7 13. dxe5 dxe5 14. Nf1 Rad8 15.
Qe2 Rfe8 16. Bg5 h6 17. Bh4 Nc4 18. Bb3 Be6 19. Rad1 Nd7 20. Bg3 Bf6 21. N1h2
a5 22. a4 Qb6 23. Ng4 Bxg4 24. hxg4 Nd6 25. axb5 Nxb5 26. Ba4 Nd6 27. Rd5 Re6
28. Red1 Qc7 29. Bxd7 Rxd7 30. Nxe5 Rd8 31. Nc4 Be7 32. Qd3 Qc6 33. Bxd6 Rxe4
34. Qxe4 Bxd6 35. Nxd6 Rxd6 36. Qd3 1-0

[Event "41st Guernsey International Open"]
[Site "Guernsey, GCI"]
[Date "2015.10.24"]
[Round "7"]
[White "Bakker, Joop"]
[Black "Cummins, John"]
[Result "1-0"]
[WhiteElo "1899"]
[BlackElo "1823"]
[PlyCount "47"]
[EventDate "2015.10.18"]
[EventType "swiss"]
[EventRounds "7"]

1. d4 d5 2. Nc3 c6 3. Bg5 Nf6 4. f3 e6 5. e4 Be7 6. e5 Nfd7 7. Bxe7 Qxe7 8. f4
b6 9. Nf3 Ba6 10. Bxa6 Nxa6 11. O-O c5 12. Nb5 O-O 13. c3 f5 14. Qa4 Nab8 15.
Nc7 b5 16. Qxb5 Nb6 17. Nxa8 Nxa8 18. Qxc5 Qb7 19. Qd6 Nc7 20. a4 Nc6 21. Qa3
Rb8 22. b4 a6 23. Nd2 Qa7 24. Nb3 1-0

[Event "41st Guernsey International Open"]
[Site "Guernsey, GCI"]
[Date "2015.10.24"]
[Round "7"]
[White "Hardy, Roger"]
[Black "Ippel, Cornelius J"]
[Result "1/2-1/2"]
[WhiteElo "1949"]
[BlackElo "1807"]
[PlyCount "79"]
[EventDate "2015.10.18"]
[EventType "swiss"]
[EventRounds "7"]

1. d4 e6 2. e4 d5 3. e5 c5 4. c3 Nc6 5. Nf3 Qb6 6. Bd3 Bd7 7. O-O cxd4 8. h4
dxc3 9. Nxc3 Nb4 10. Bb1 Qd8 11. Re1 Bc6 12. a3 Na6 13. b4 Nc7 14. Nd4 Qxh4 15.
Re3 g6 16. Rh3 Qd8 17. f4 Qd7 18. Bd3 a6 19. Qe2 Ne7 20. g4 b5 21. f5 gxf5 22.
gxf5 exf5 23. e6 fxe6 24. Qh5+ Ng6 25. Bg5 Bg7 26. Nce2 a5 27. Rc1 Bb7 28. Rxc7
Bxd4+ 29. Nxd4 Qxc7 30. Nxe6 Qb6+ 31. Be3 Qxe6 32. Bxf5 Qf6 33. Bxg6+ Qxg6+ 34.
Qxg6+ hxg6 35. Rxh8+ Kd7 36. Rh7+ Kc6 37. Rg7 axb4 38. axb4 Ra1+ 39. Kf2 Ra2+
40. Kf1 1/2-1/2

[Event "41st Guernsey Intl. -  Holiday  2015"]
[Site "Guernsey, GCI"]
[Date "2015.10.18"]
[Round "1"]
[White "Nielsen, Jorgen Holmstrom"]
[Black "Gunn, Michael J"]
[Result "1-0"]
[WhiteElo "1889"]
[BlackElo "1665"]
[Annotator "                                             "]
[PlyCount "61"]
[EventDate "2015.10.18"]
[EventType "swiss"]
[EventRounds "7"]

1. Nc3 d5 2. e4 dxe4 3. Nxe4 Bf5 4. Ng3 Bg6 5. Nf3 e6 6. d4 Be7 7. c3 c6 8. Be2
Nf6 9. O-O Qc7 10. Ne5 Nbd7 11. f4 O-O-O 12. b4 Nxe5 13. fxe5 Nd7 14. Bf4 h6
15. a4 Bh7 16. Qb3 g5 17. Be3 f5 18. exf6 Nxf6 19. Qxe6+ Qd7 20. Rxf6 Bxf6 21.
Qxf6 Rde8 22. h3 Kb8 23. d5 cxd5 24. Qd4 b6 25. Bb5 Qe7 26. Bxe8 Rxe8 27. Re1
Qc7 28. Bf2 Be4 29. Nxe4 dxe4 30. Re3 Rd8 31. Bg3 1-0

[Event "41st Guernsey Intl. -  Holiday  2015"]
[Site "Guernsey, GCI"]
[Date "2015.10.18"]
[Round "1"]
[White "Wale, Ray"]
[Black "Hermes, Geoff R"]
[Result "1/2-1/2"]
[WhiteElo "1660"]
[BlackElo "1884"]
[Annotator "                                             "]
[PlyCount "90"]
[EventDate "2015.10.18"]
[EventType "swiss"]
[EventRounds "7"]

1. e4 d6 2. Nf3 Nf6 3. Nc3 c6 4. d4 Bg4 5. Be2 e6 6. Bg5 Be7 7. h3 Bh5 8. O-O
O-O 9. e5 Nd5 10. Bxe7 Qxe7 11. Nxd5 cxd5 12. exd6 Qxd6 13. Ne5 Bxe2 14. Qxe2
Nc6 15. Nf3 Rac8 16. c3 Na5 17. Rfe1 Nc4 18. b3 Na3 19. Rac1 Qc7 20. Qd3 a6 21.
Ng5 g6 22. Nf3 b5 23. Qd2 Qa5 24. Ne5 Qc7 25. Qb2 Qe7 26. Re3 a5 27. Qe2 Rc7
28. Nd3 b4 29. Nc5 Rxc5 30. dxc5 Qxc5 31. c4 Nb5 32. Re1 Nc3 33. Qc2 dxc4 34.
bxc4 Qxc4 35. a3 Rc8 36. axb4 axb4 37. Rc1 Qb5 38. Kh1 Rd8 39. Rce1 Qd5 40. Qc1
Qd4 41. Qc2 Qd2 42. Qb3 Qxf2 43. Qxb4 Nd5 44. Qa5 Rb8 45. Rf3 Qb6 1/2-1/2

[Event "41st Guernsey Intl. -  Holiday  2015"]
[Site "Guernsey, GCI"]
[Date "2015.10.18"]
[Round "1"]
[White "Hamann, Marcus"]
[Black "Foster, Paul"]
[Result "1-0"]
[WhiteElo "1872"]
[BlackElo "1653"]
[PlyCount "61"]
[EventDate "2015.10.18"]
[EventType "swiss"]
[EventRounds "7"]

1. e4 c6 2. d4 d5 3. e5 c5 4. Bb5+ Nc6 5. Nf3 e6 6. O-O a6 7. Bxc6+ bxc6 8. c3
c4 9. b3 cxb3 10. axb3 Qb6 11. Ba3 Bxa3 12. Rxa3 Ne7 13. b4 O-O 14. Nbd2 a5 15.
Qa1 Ba6 16. Rxa5 Qxa5 17. bxa5 Bxf1 18. Kxf1 Rfb8 19. Qa3 Ng6 20. g3 Rb5 21.
Nb3 Nf8 22. Nfd2 h6 23. Qd6 Ra6 24. Qd8 Ra7 25. Qc8 Rbb7 26. Nc5 Rc7 27. Qb8 g6
28. Ndb3 Kg7 29. a6 g5 30. Qb6 Ng6 31. Nb7 1-0

[Event "41st Guernsey Intl. -  Holiday  2015"]
[Site "Guernsey, GCI"]
[Date "2015.10.18"]
[Round "1"]
[White "Colsen, Manuel"]
[Black "Karcher, Berthold"]
[Result "1/2-1/2"]
[WhiteElo "1644"]
[BlackElo "1871"]
[PlyCount "62"]
[EventDate "2015.10.18"]
[EventType "swiss"]
[EventRounds "7"]

1. Nf3 Nf6 2. g3 e6 3. d4 c5 4. c4 cxd4 5. Nxd4 Nc6 6. Bg2 a6 7. O-O Qc7 8.
Nxc6 bxc6 9. e4 Be7 10. Bf4 e5 11. Bg5 O-O 12. Nc3 d6 13. Bxf6 Bxf6 14. Rc1 Be6
15. Nd5 cxd5 16. cxd5 Qd7 17. dxe6 Qxe6 18. b3 Rfc8 19. Qd5 Qxd5 20. exd5 g6
21. Rc6 Rd8 22. Rfc1 Bg5 23. R1c4 f5 24. Rb4 e4 25. Bf1 Bd2 26. Rb7 Rab8 27.
Rxb8 Rxb8 28. Rxd6 a5 29. Bc4 Re8 30. Re6 Rxe6 31. dxe6 Kf8 1/2-1/2

[Event "41st Guernsey Intl. -  Holiday  2015"]
[Site "Guernsey, GCI"]
[Date "2015.10.18"]
[Round "1"]
[White "Gstalter, Herbert"]
[Black "Newell, David F"]
[Result "0-1"]
[WhiteElo "1640"]
[BlackElo "1867"]
[PlyCount "56"]
[EventDate "2015.10.18"]
[EventType "swiss"]
[EventRounds "7"]

1. d4 f5 2. e4 fxe4 3. Nc3 Nf6 4. Bg5 Nc6 5. d5 Ne5 6. Qd4 Nf7 7. Bxf6 exf6 8.
Nxe4 f5 9. Nc3 c5 10. Qd2 Be7 11. g3 O-O 12. Bg2 Re8 13. Nge2 Bg5 14. f4 Bf6
15. O-O Nd6 16. Rae1 Nc4 17. Qc1 Ne3 18. Rf3 Nxg2 19. Kxg2 d6 20. Re3 Bd7 21.
Rxe8+ Bxe8 22. a4 Qa5 23. Qe3 Bd7 24. Qd3 Re8 25. Rd1 a6 26. Rd2 b5 27. axb5
axb5 28. Nd1 c4 0-1

[Event "41st Guernsey Intl. -  Holiday  2015"]
[Site "Guernsey, GCI"]
[Date "2015.10.18"]
[Round "1"]
[White "Norman, Dinah M"]
[Black "Bakkes, Frits"]
[Result "1/2-1/2"]
[WhiteElo "1839"]
[BlackElo "1632"]
[PlyCount "50"]
[EventDate "2015.10.18"]
[EventType "swiss"]
[EventRounds "7"]

1. d4 d5 2. Nf3 Nf6 3. e3 e6 4. Bd3 Nbd7 5. Nbd2 c5 6. c3 cxd4 7. exd4 Be7 8.
O-O Nb6 9. Re1 Bd7 10. Ne5 Rc8 11. Ndf3 Bc6 12. Nxc6 bxc6 13. Ba6 Rc7 14. Bf4
Bd6 15. Bxd6 Qxd6 16. Ne5 O-O 17. Bd3 Nbd7 18. b4 a5 19. a3 Ra8 20. Qe2 axb4
21. axb4 Rca7 22. Rxa7 Rxa7 23. h3 Nf8 24. Qb2 N6d7 25. Nxd7 Nxd7 1/2-1/2

[Event "41st Guernsey Intl. -  Holiday  2015"]
[Site "Guernsey, GCI"]
[Date "2015.10.18"]
[Round "1"]
[White "Finch, Russell"]
[Black "Goris Schouwstra, Adry"]
[Result "1/2-1/2"]
[WhiteElo "1620"]
[BlackElo "1835"]
[PlyCount "62"]
[EventDate "2015.10.18"]
[EventType "swiss"]
[EventRounds "7"]

1. d4 d5 2. Bf4 Nf6 3. e3 e6 4. Bd3 Nbd7 5. Nd2 c5 6. c3 g6 7. h3 Bg7 8. Ngf3
O-O 9. Bd6 Re8 10. dxc5 e5 11. e4 dxe4 12. Nxe4 Nxe4 13. Bxe4 Nf6 14. Bc2 e4
15. Nd4 e3 16. O-O exf2+ 17. Rxf2 Ne4 18. Bxe4 Rxe4 19. Qf3 f5 20. g4 Qe8 21.
gxf5 Bxd4 22. cxd4 Bxf5 23. Qb3+ Qf7 24. Qxf7+ Kxf7 25. Be5 Ke6 26. b3 Rh4 27.
Re1 Kd5 28. Re3 Re8 29. Rff3 Re6 30. Kf2 h5 31. a4 Re7 1/2-1/2

[Event "41st Guernsey Intl. -  Holiday  2015"]
[Site "Guernsey, GCI"]
[Date "2015.10.18"]
[Round "1"]
[White "Bateman, Kerry"]
[Black "Joyeux, Gerard"]
[Result "1-0"]
[WhiteElo "1824"]
[BlackElo "1594"]
[PlyCount "75"]
[EventDate "2015.10.18"]
[EventType "swiss"]
[EventRounds "7"]

1. e4 c5 2. f4 e6 3. Nf3 Qb6 4. Nc3 Nc6 5. Bc4 Na5 6. Be2 c4 7. d4 cxd3 8. Qxd3
Nf6 9. Be3 Qxb2 10. Rb1 Qa3 11. Nd4 Bb4 12. Ndb5 Bxc3+ 13. Nxc3 O-O 14. Bc1 Qe7
15. Nb5 Qd8 16. e5 Nd5 17. Bf3 Ne7 18. Ba3 Nac6 19. O-O f6 20. Bd6 a6 21. Bc7
Qe8 22. Nd6 Qg6 23. Qe2 Nd4 24. Qd3 Nxf3+ 25. Rxf3 Qxd3 26. Rxd3 fxe5 27. Nxc8
Raxc8 28. Rxd7 Nd5 29. Bxe5 Rf7 30. Rxf7 Kxf7 31. Rxb7+ Kg6 32. Rxg7+ Kh6 33.
g4 Rf8 34. g5+ Kh5 35. Rxh7+ Kg4 36. g6 Nxf4 37. Bxf4 Kxf4 38. Rf7+ 1-0

[Event "41st Guernsey Intl. -  Holiday  2015"]
[Site "Guernsey, GCI"]
[Date "2015.10.18"]
[Round "1"]
[White "Rowe, Oliver"]
[Black "O'Connell, Denis"]
[Result "1/2-1/2"]
[WhiteElo "1561"]
[BlackElo "1811"]
[PlyCount "51"]
[EventDate "2015.10.18"]
[EventType "swiss"]
[EventRounds "7"]

1. d4 d5 2. Bf4 Bg4 3. h3 Bf5 4. e3 Nf6 5. Bd3 Qd7 6. Nf3 Bxd3 7. Qxd3 Nc6 8.
c3 e6 9. Nbd2 Bd6 10. Bxd6 Qxd6 11. e4 dxe4 12. Nxe4 Nxe4 13. Qxe4 h6 14. Rd1
Qd5 15. Qxd5 exd5 16. O-O O-O-O 17. Rfe1 Rhe8 18. Ne5 Nxe5 19. Rxe5 f6 20. Ree1
c6 21. f3 Kd7 22. Kf2 Re6 23. Rxe6 Kxe6 24. g4 h5 25. Re1+ Kf7 26. Re2 1/2-1/2

[Event "41st Guernsey Intl. -  Holiday  2015"]
[Site "Guernsey, GCI"]
[Date "2015.10.18"]
[Round "1"]
[White "Dennis, Nigel W"]
[Black "Wood, Stuart E"]
[Result "1-0"]
[WhiteElo "1809"]
[BlackElo "1543"]
[PlyCount "87"]
[EventDate "2015.10.18"]
[EventType "swiss"]
[EventRounds "7"]

1. e4 e5 2. Nf3 d6 3. Bc4 h6 4. O-O b6 5. d4 Be6 6. Bxe6 fxe6 7. dxe5 Nc6 8.
exd6 Bxd6 9. c4 Nf6 10. Nc3 O-O 11. Qe2 Ne5 12. Nb5 Nxf3+ 13. Qxf3 Nd7 14. Qg4
Qe8 15. Nxd6 cxd6 16. Bxh6 Rf7 17. Rad1 Nf6 18. Qg6 Qe7 19. b3 Nd7 20. Bg5 Qf8
21. Qxe6 Re8 22. Qxd6 Qxd6 23. Rxd6 Rxe4 24. Rfd1 Nf8 25. Be3 Kh7 26. R1d4 Re5
27. R6d5 Ree7 28. Rh4+ Kg8 29. Rd8 Rd7 30. Rxd7 Rxd7 31. Rd4 Re7 32. Kf1 Ne6
33. Rd6 Kf7 34. Ke2 g6 35. Kd3 Nc5+ 36. Bxc5 bxc5 37. Rc6 Rd7+ 38. Kc3 a5 39.
Rxc5 a4 40. bxa4 Rd1 41. a5 Rc1+ 42. Kb2 Re1 43. a6 Re2+ 44. Kb3 1-0

[Event "41st Guernsey Intl. -  Holiday  2015"]
[Site "Guernsey, GCI"]
[Date "2015.10.18"]
[Round "1"]
[White "Jones, Tim"]
[Black "Goman, Colin"]
[Result "1/2-1/2"]
[WhiteElo "1518"]
[BlackElo "1804"]
[PlyCount "76"]
[EventDate "2015.10.18"]
[EventType "swiss"]
[EventRounds "7"]

1. e4 d6 2. h3 Nf6 3. Nc3 e5 4. Nf3 Be7 5. Bc4 h6 6. d3 c6 7. a3 a5 8. a4 Qc7
9. O-O b6 10. Re1 O-O 11. Be3 Nbd7 12. Qd2 Nc5 13. Bxc5 bxc5 14. Rad1 Bb7 15.
Kf1 Ba6 16. b3 Bb7 17. Kg1 d5 18. exd5 cxd5 19. Bb5 d4 20. Ne4 Nxe4 21. dxe4
Ba6 22. Bc4 Bxc4 23. bxc4 f6 24. Rb1 Rab8 25. Qd3 Rb4 26. Rxb4 axb4 27. Qb3 Ra8
28. Ra1 Qc6 29. Nd2 Kf7 30. f3 Ra5 31. Kf1 Ke8 32. Ke2 Kd7 33. g4 g5 34. Kf2
Bf8 35. Nf1 Ke7 36. Ng3 Kf7 37. Kg2 Kg6 38. Kf2 Kf7 1/2-1/2

[Event "41st Guernsey Intl. -  Holiday  2015"]
[Site "Guernsey, GCI"]
[Date "2015.10.18"]
[Round "1"]
[White "Reutimann, Hans Peter"]
[Black "Akeya Price, Robert"]
[Result "1/2-1/2"]
[WhiteElo "1780"]
[BlackElo "1517"]
[PlyCount "133"]
[EventDate "2015.10.18"]
[EventType "swiss"]
[EventRounds "7"]

1. d4 Nf6 2. Nf3 e6 3. Bf4 c5 4. e3 b6 5. Nbd2 Bb7 6. c3 d6 7. Bc4 Nbd7 8. O-O
Be7 9. Qe2 O-O 10. e4 Re8 11. e5 dxe5 12. dxe5 Nd5 13. Bg3 Nf8 14. Rfe1 Ng6 15.
Rad1 Qc7 16. Ne4 Bc6 17. Qc2 Rf8 18. Qc1 Rfe8 19. Bf1 Bb7 20. c4 Nb4 21. a3
Bxe4 22. Rxe4 Nc6 23. Qc3 Qb7 24. Ree1 Rad8 25. Bd3 Nf8 26. Be4 g6 27. Qc1 Kg7
28. Qf4 h6 29. h4 Qc7 30. Qe3 Nd7 31. Bc2 Na5 32. b3 Nc6 33. h5 g5 34. Nh2 Nd4
35. Bb1 Rh8 36. Ng4 Nf5 37. Bxf5 exf5 38. e6 f4 39. Rxd7 Rxd7 40. exd7 Qxd7 41.
Qxe7 Qxg4 42. Qe5+ Kh7 43. Bh2 Qxh5 44. Bxf4 Qg6 45. Bg3 Rg8 46. Qe4 f5 47. Qe6
f4 48. Qxg6+ Kxg6 49. Bh2 Kf6 50. g3 fxg3 51. fxg3 Rd8 52. g4 Rd3 53. Be5+ Kf7
54. Kf2 Rxb3 55. Re3 Rb1 56. Bb8 a6 57. Be5 Rc1 58. Rc3 Rb1 59. Kf3 Re1 60. Bc7
Rb1 61. Ke4 Ke6 62. Rh3 Kd7 63. Be5 Re1+ 64. Kf5 Rf1+ 65. Kg6 Rg1 66. Kh5 Kc6
67. Rd3 1/2-1/2

[Event "41st Guernsey Intl. -  Holiday  2015"]
[Site "Guernsey, GCI"]
[Date "2015.10.18"]
[Round "1"]
[White "Day, Fred G"]
[Black "Stuart, Brian"]
[Result "1/2-1/2"]
[WhiteElo "1510"]
[BlackElo "1758"]
[PlyCount "47"]
[EventDate "2015.10.18"]
[EventType "swiss"]
[EventRounds "7"]

1. c4 Nf6 2. Nc3 g6 3. g3 Bg7 4. Bg2 O-O 5. d3 d6 6. e4 e5 7. Nge2 Nc6 8. a3 a5
9. O-O Nd7 10. Nd5 Ne7 11. f4 c6 12. Nxe7+ Qxe7 13. f5 Nf6 14. Nc3 h6 15. g4
Ne8 16. Rf3 g5 17. Be3 Bf6 18. Qd2 Kg7 19. Raf1 Qd8 20. Rh3 Rh8 21. Rh5 Kg8 22.
Rh3 Ng7 23. Rg3 Bd7 24. Rh3 1/2-1/2

[Event "41st Guernsey Intl. -  Holiday  2015"]
[Site "Guernsey, GCI"]
[Date "2015.10.18"]
[Round "1"]
[White "Hoogakker, Peter"]
[Black "Lorthioir, Romuald"]
[Result "1/2-1/2"]
[WhiteElo "1755"]
[BlackElo "1491"]
[PlyCount "95"]
[EventDate "2015.10.18"]
[EventType "swiss"]
[EventRounds "7"]

1. e4 c6 2. d4 d5 3. Nc3 dxe4 4. Nxe4 Bf5 5. Ng3 Bg6 6. h4 h6 7. h5 Bh7 8. f4
Nf6 9. Nf3 Nbd7 10. Bd3 Bxd3 11. Qxd3 e6 12. Ne5 Be7 13. Bd2 a6 14. O-O-O Rc8
15. Qb3 Qb6 16. Qxb6 Nxb6 17. f5 Nbd7 18. fxe6 Nxe5 19. dxe5 Ng4 20. exf7+ Kxf7
21. Rde1 Ke6 22. Bc3 Rhf8 23. Ne4 Rf7 24. Nd6 Bxd6 25. exd6+ Kxd6 26. Rh4 Nf6
27. Be5+ Kc5 28. Rf4 Rcf8 29. Bd4+ Kd6 30. b4 Kd7 31. Bxf6 Rxf6 32. Rd4+ Kc8
33. Re7 R6f7 34. Rdd7 Rxe7 35. Rxe7 Rf5 36. g4 Rg5 37. Re4 Kd7 38. Kd2 g6 39.
hxg6 Rxg6 40. Ke3 Rg5 41. Kf4 Rg6 42. Re5 Rd6 43. Ke3 Re6 44. Rxe6 Kxe6 45. c4
Ke5 46. c5 Kf6 47. Kf4 Ke6 48. Ke4 1/2-1/2